[Event "Wuerttemberg-ch Seniors 18th"]
[Site "Freudenstadt"]
[Date "2006.05.05"]
[Round "2"]
[White "Fabritius, Herbert"]
[Black "Schmid, Hartmut"]
[Result "1/2-1/2"]
[WhiteElo "1804"]
[BlackElo "2103"]
[PlyCount "105"]
[EventDate "2006.05.04"]
[EventType "swiss"]
[EventRounds "9"]
[EventCountry "GER"]
[SourceTitle "EXT 2007"]
[Source "ChessBase"]
[SourceDate "2006.11.23"]
[SourceVersion "1"]
[SourceVersionDate "2006.11.23"]
[SourceQuality "1"]

1. d4 d5 2. Nf3 Nf6 3. e3 Bf5 4. Bd3 Bg6 5. Qe2 e6 6. Nbd2 Nbd7 7. e4 dxe4 8. Nxe4 Be7 9. Nxf6+ Bxf6 10. Bxg6 hxg6 11. Qb5 0-0 12. 0-0 Nb6 13. c3 c6 14. Qe2 Qc7 15. Bg5 Nd5 16. Bxf6 gxf6 17. g3 Kg7 18. Kg2 Rh8 19. Rh1 Rh5 20. Qe4 Rah8 21. c4 Ne7 22. b3 Rd8 23. Rhd1 Qa5 24. g4 Rhh8 25. h3 g5 26. Rh1 Ng6 27. Ng1 Nf4+ 28. Kf1 Qc3 29. Rd1 Nxh3 30. Qe3 Qxe3 31. fxe3 Nxg1 32. Rxg1 Rh2 33. Rg2 Rxg2 34. Kxg2 f5 35. gxf5 exf5 36. Kf3 Kf6 37. Rh1 Kg6 38. Rd1 Kf6 39. Rh1 Kg6 40. Rd1 Rd7 41. a4 b6 42. Rh1 Rd8 43. Rd1 Kf6 44. Rh1 Ke6 45. Rh6+ f6 46. Rh7 Rd7 47. Rh8 Rg7 48. Rc8 Kd6 49. Rd8+ Rd7 50. Rf8 Ke6 51. Rc8 Kd6 52. Rf8 Ke7 53. Rc8 1/2-1/2

[Event "Staufer Seniors op 11th"]
[Site "Schwaebisch Gmuend"]
[Date "2005.01.03"]
[Round "2"]
[White "Fabritius, Herbert"]
[Black "Schmid, Hartmut"]
[Result "0-1"]
[WhiteElo "1848"]
[BlackElo "2205"]
[PlyCount "118"]
[EventDate "2005.01.02"]
[EventType "swiss"]
[EventRounds "9"]
[EventCountry "GER"]
[SourceTitle "EXT 2007"]
[Source "ChessBase"]
[SourceDate "2006.11.23"]
[SourceVersion "1"]
[SourceVersionDate "2006.11.23"]
[SourceQuality "1"]

1. d4 d5 2. Nf3 Nf6 3. e3 c6 4. Bd3 Bg4 5. h3 Bh5 6. Nbd2 Nbd7 7. c3 Qc7 8. Qc2 e5 9. dxe5 Nxe5 10. Nxe5 Qxe5 11. Nf3 Bxf3 12. gxf3 g6 13. b3 0-0-0 14. Bb2 Bh6 15. 0-0-0 Qe7 16. Kb1 Rhe8 17. c4 dxc4 18. Qxc4 Nd5 19. Be4 Nb6 20. Qc2 f5 21. Bd3 Bg7 22. f4 Rd7 23. Be2 Nd5 24. Bc4 Bxb2 25. Bxd5 Bg7 26. Bf3 Qf6 27. Kc1 Red8 28. Rxd7 Rxd7 29. Rd1 Rxd1+ 30. Kxd1 Kc7 31. Ke2 a6 32. Kf1 Bf8 33. Kg2 Bd6 34. Qc4 h6 35. Qc2 g5 36. Qc4 gxf4 37. exf4 Qg7+ 38. Kh2 Qg5 39. Qf7+ Kb6 40. Qh5 Qxf4+ 41. Kg2 a5 42. Bd1 Qg5+ 43. Qxg5 hxg5 44. Kf3 Kc5 45. Ke3 Kb4 46. Kd3 Ka3 47. b4 Kxb4 48. Bb3 Kc5 49. Be6 f4 50. f3 Be7 51. Bb3 b5 52. Be6 Kd6 53. Bf7 c5 54. Be8 c4+ 55. Kc2 Kc5 56. a3 b4 57. axb4+ axb4 58. Bf7 b3+ 59. Kb2 Kb4 0-1

[Event "Merano Gold Cup 31st"]
[Site "Merano"]
[Date "2003.05.02"]
[Round "2"]
[White "Fabritius, Herbert"]
[Black "Bucher, Rolf"]
[Result "0-1"]
[WhiteElo "1733"]
[BlackElo "2049"]
[PlyCount "96"]
[EventDate "2003.05.??"]
[EventType "swiss"]
[EventRounds "9"]
[EventCountry "ITA"]
[SourceTitle "EXT 2006"]
[Source "ChessBase"]
[SourceDate "2005.11.24"]
[SourceVersion "1"]
[SourceVersionDate "2005.11.24"]
[SourceQuality "1"]

1. d4 Nf6 2. Nf3 g6 3. e3 Bg7 4. Bd3 c5 5. c3 b6 6. Qe2 Bb7 7. Nbd2 0-0 8. 0-0 d6 9. b3 Nc6 10. Bb2 Qc7 11. Rac1 Rac8 12. h3 Rfd8 13. Rfe1 h6 14. Ne4 Nb8 15. Nxf6+ Bxf6 16. e4 e5 17. d5 Qe7 18. Nh2 Kh7 19. Rf1 Rc7 20. c4 Bg5 21. Rce1 Bc8 22. Bc1 Rf8 23. Be3 Kg7 24. Nf3 Bxe3 25. Qxe3 f5 26. exf5 gxf5 27. Nh2 Qf6 28. f4 e4 29. Be2 Kh8 30. Kh1 Rg8 31. Rg1 Rcg7 32. g4 Na6 33. gxf5 Bxf5 34. Bg4 Nb4 35. Rc1 Nd3 36. Rcf1 h5 37. Bxf5 Qxf5 38. Rxg7 Rxg7 39. a3 Qg6 40. Rg1 Qxg1+ 41. Qxg1 Rxg1+ 42. Kxg1 Nxf4 43. Nf1 h4 44. Kf2 Nxh3+ 45. Ke3 Kg7 46. Kxe4 Kf6 47. Nh2 Kg6 48. Nf3 Ng5+ 0-1

[Event "Wch Seniors 12th"]
[Site "Naumburg"]
[Date "2002.11.02"]
[Round "11"]
[White "Fabritius, Herbert"]
[Black "Kuehn, Peter1111"]
[Result "1/2-1/2"]
[WhiteElo "1726"]
[BlackElo "2008"]
[PlyCount "78"]
[EventDate "2002.10.21"]
[EventType "swiss"]
[EventRounds "11"]
[EventCountry "GER"]
[SourceTitle "EXT 2006"]
[Source "ChessBase"]
[SourceDate "2005.11.24"]
[SourceVersion "1"]
[SourceVersionDate "2005.11.24"]
[SourceQuality "1"]

1. d4 f5 2. c3 Nf6 3. Bg5 e6 4. Nd2 Be7 5. Bxf6 Bxf6 6. e4 fxe4 7. Nxe4 0-0 8. Qh5 g6 9. Nxf6+ Qxf6 10. Qe2 d6 11. Nf3 Bd7 12. Qe3 Kg7 13. Be2 Nc6 14. 0-0 Rae8 15. Rad1 Ne7 16. Qg5 Qxg5 17. Nxg5 Nd5 18. Bc4 h6 19. Nf3 Nf4 20. Rfe1 Bc6 21. Re3 g5 22. Bf1 Nh3+ 23. gxh3 Rxf3 24. Rxf3 Bxf3 25. Rd3 Bc6 26. Bg2 Bxg2 27. Kxg2 e5 28. Re3 Kg6 29. h4 Re7 30. hxg5 Kxg5 31. Kg3 a5 32. a3 a4 33. d5 Kf5 34. f3 c6 35. c4 Rg7+ 36. Kf2 Kg5 37. dxc6 bxc6 38. c5 d5 39. Rxe5+ Kf4 1/2-1/2

[Event "Wch Seniors 12th"]
[Site "Naumburg"]
[Date "2002.11.01"]
[Round "10"]
[White "Luecke, Volkmar"]
[Black "Fabritius, Herbert"]
[Result "1/2-1/2"]
[WhiteElo "1890"]
[BlackElo "1726"]
[PlyCount "158"]
[EventDate "2002.10.21"]
[EventType "swiss"]
[EventRounds "11"]
[EventCountry "GER"]
[SourceTitle "EXT 2006"]
[Source "ChessBase"]
[SourceDate "2005.11.24"]
[SourceVersion "1"]
[SourceVersionDate "2005.11.24"]
[SourceQuality "1"]

1. Nf3 d5 2. c4 c6 3. b3 Nf6 4. g3 e6 5. Bg2 Bd6 6. Bb2 Nbd7 7. 0-0 0-0 8. d4 b6 9. Nbd2 Bb7 10. Rc1 Re8 11. Re1 e5 12. dxe5 Nxe5 13. Nxe5 Bxe5 14. Bxe5 Rxe5 15. Nf3 Re7 16. cxd5 Nxd5 17. Qc2 Nb4 18. Qb2 c5 19. a3 Nc6 20. e3 Qe8 21. Rcd1 Rd8 22. Qc2 Rxd1 23. Rxd1 h6 24. Rd2 Rd7 25. Qd1 Rxd2 26. Qxd2 Qd8 27. Kf1 Qxd2 28. Nxd2 Na5 29. Bxb7 Nxb7 30. Ke2 Kf8 31. Kd3 Ke7 32. Kc4 Nd6+ 33. Kd5 Kd7 34. e4 Nb5 35. a4 Nc7+ 36. Kc4 a6 37. a5 Kc6 38. axb6 Kxb6 39. f4 Kc6 40. e5 Na8 41. Ne4 Nb6+ 42. Kd3 Kd5 43. Nd6 Ke6 44. Ne8 g5 45. Ke4 gxf4 46. gxf4 a5 47. f5+ Ke7 48. Nf6 c4 49. bxc4 Nxc4 50. Kd4 Nd2 51. Ng8+ Kf8 52. Nxh6 Nf3+ 53. Kd5 Nxh2 54. Kd6 Nf3 55. Ng4 Ng5 56. Kc5 a4 57. Kb4 a3 58. Kxa3 Nf3 59. Kb4 Nd4 60. f6 Ke8 61. Kc5 Ne6+ 62. Kd6 Ng5 63. Nh6 Ne6 64. Nf5 Ng5 65. Ng7+ Kf8 66. Kd7 Ne4 67. Nf5 Nc5+ 68. Kc6 Ne6 69. Nd6 Nd4+ 70. Kd7 Ne6 71. Ne4 Nd4 72. Ng5 Nf5 73. Nh7+ Kg8 74. Ke8 Kxh7 75. Kxf7 Nh6+ 76. Kf8 Kg6 77. e6 Ng8 78. f7 Nf6 79. e7 Nh7+ 1/2-1/2

[Event "Wuerttemberg-ch Seniors 13th"]
[Site "Ellwangen"]
[Date "2001.??.??"]
[Round "1"]
[White "Fabritius, Herbert"]
[Black "Buss, Richard"]
[Result "1-0"]
[WhiteElo "1712"]
[BlackElo "1540"]
[PlyCount "51"]
[EventDate "2001.04.??"]
[EventType "swiss"]
[EventRounds "9"]
[EventCountry "GER"]
[SourceTitle "EXT 2006"]
[Source "ChessBase"]
[SourceDate "2005.11.24"]
[SourceVersion "1"]
[SourceVersionDate "2005.11.24"]
[SourceQuality "1"]

1. d4 Nf6 2. Nf3 e6 3. e3 c6 4. Bd3 d5 5. Nbd2 Be7 6. 0-0 Qc7 7. Ne5 Bd6 8. f4 Nbd7 9. a3 c5 10. c3 c4 11. Bb1 b5 12. Qf3 Bb7 13. g4 0-0 14. g5 Ne8 15. Qh3 g6 16. Rf3 Ng7 17. Qh6 Nxe5 18. fxe5 Be7 19. Rh3 Nh5 20. Rxh5 Rfd8 21. Rh3 Bxg5 22. Qxg5 h5 23. Rxh5 Re8 24. Rh3 Qe7 25. Qh6 f5 26. Qh8+ 1-0

[Event "Wuerttemberg-ch Seniors 13th"]
[Site "Ellwangen"]
[Date "2001.??.??"]
[Round "6"]
[White "Walther, Diethelm"]
[Black "Fabritius, Herbert"]
[Result "1-0"]
[WhiteElo "2140"]
[BlackElo "1712"]
[PlyCount "31"]
[EventDate "2001.04.??"]
[EventType "swiss"]
[EventRounds "9"]
[EventCountry "GER"]
[SourceTitle "EXT 2006"]
[Source "ChessBase"]
[SourceDate "2005.11.24"]
[SourceVersion "1"]
[SourceVersionDate "2005.11.24"]
[SourceQuality "1"]

1. d4 e6 2. Bf4 d5 3. Nf3 Nf6 4. e3 c6 5. Bd3 Nh5 6. 0-0 Nxf4 7. exf4 Be7 8. Nbd2 0-0 9. Re1 Nd7 10. Ne5 Qb6 11. Nb3 c5 12. dxc5 Nxc5 13. Bxh7+ Kxh7 14. Qh5+ Kg8 15. Re3 Ne4 16. Rh3 1-0

[Event "Wuerttemberg-ch Seniors 12th"]
[Site "Ellwangen"]
[Date "2000.??.??"]
[Round "1"]
[White "Ellinger, Hans"]
[Black "Fabritius, Herbert"]
[Result "1-0"]
[WhiteElo "2060"]
[BlackElo "1760"]
[PlyCount "75"]
[EventDate "2000.04.??"]
[EventType "swiss"]
[EventRounds "9"]
[EventCountry "GER"]
[SourceTitle "EXT 2006"]
[Source "ChessBase"]
[SourceDate "2005.11.24"]
[SourceVersion "1"]
[SourceVersionDate "2005.11.24"]
[SourceQuality "1"]

1. e4 e6 2. b3 d5 3. Bb2 Nf6 4. e5 Nfd7 5. f4 c5 6. Nf3 Qb6 7. Be2 Nc6 8. 0-0 Ne7 9. Kh1 g6 10. Nc3 a6 11. Qe1 Bg7 12. d4 Nf5 13. Bd3 Ne7 14. Na4 Qc7 15. dxc5 b5 16. cxb6 Nxb6 17. Nxb6 Qxb6 18. Bd4 Qb7 19. Bc5 0-0 20. Rc1 Re8 21. c4 Bd7 22. Bxe7 Rxe7 23. cxd5 exd5 24. Qa5 Bb5 25. Qd2 Bd7 26. Rc5 Be6 27. Rfc1 Bf8 28. Rc6 Rd7 29. Nd4 Ba3 30. R1c2 Re7 31. f5 Bc8 32. Nf3 Re8 33. fxg6 fxg6 34. Bxg6 Re7 35. Bd3 Rg7 36. Bxa6 Rxa6 37. Qxd5+ Kh8 38. Rxc8+ 1-0